Stupid history facts - Statistics

General Stats
  • This quiz has been taken 17 times
  • The average score is 3 of 11
Answer Stats
Questions Answer % Correct
What two presidents died on the same day? Thomas Jefferson, John Adams
69%
The ancient Romans often used what as mouthwash? Urine
62%
What commonly known sport used to be in the Olympics Tug of War
31%
What was Abraham Lincoln very skilled at? Wrestling
23%
Andrew Jackson's ______ was kicked out of his funeral for ______ too much. parrot, cursing
15%
Benito Mussolini wrote a horrible_______ romance novel
15%
Where was the pentagon originally supposed to be built? Arlington farms
8%
The pyramids were made by_____ drunks
8%
The Dutch defeated the Spanish in the eighty years’ war with_______ ice skates
8%
In the early 90s, Pepsi traded soda for what with the Soviet Union? military equipment
8%
During World War II, a Great Dane named Juliana was awarded the Blue Cross Medal for what? Peeing on a live bomb
8%
No matching quizzes found
Score Distribution
Percent of People with Each Score
Percentile by Number Answered
Your Score History
You have not taken this quiz